| 000 | 00601nam a22001817a 4500 | ||
|---|---|---|---|
| 999 |
_c167547 _d167547 |
||
| 005 | 20190906155743.0 | ||
| 010 | _aENG-126271 | ||
| 020 |
_a978-93-81709-94-8 _c600.00 |
||
| 035 | _aEN-109803 | ||
| 037 | _bDBAD/PUB | ||
| 082 | _a305.40954 | ||
| 100 | _aRothfeld, Otto | ||
| 245 |
_aWoman of India / _cby Otto Rothfeld |
||
| 260 |
_bLife Span Publishers and distributers _c2019 _aNew Delhi |
||
| 270 |
_a4782/23, Ansari Road, Daryaganj _bNew Delhi _e110002 _k9811597982 _k9013763525 _mlifespandelhi@gmail.com |
||
| 300 |
_av173p. _c23cm.(hb) _bill |
||
| 942 |
_2ddc _cEN _h305.40954 _mROT |
||